000 01004nam a2200289 i 4500
003 DO-SdBNP
005 20241010090224.0
007 ta
008 241010b2004 dr ||||| |||| 00| 0 spa d
020 _a9789992667446
040 _aDO-SdBNP
_bspa
_cBNPHU
_erda
082 4 _222
100 _aValerio-Holguín, Fernando,
_d1956-
_eautor
_4aut.
_916454
245 1 3 _aEl palacio de Eros /
_cFernando Valerio-Holguín ; prólogo, Ercole Lissardi ; corrección, Amanda Castro
264 4 _aTegucigalpa, Honduras :
_bEditores Ixbalam,
_c2004.
300 _a138 páginas :
_c22 cm.
336 _atexto
_btxt
_2rdacontent
337 _asin mediación
_bn
_2rdamedia
338 _avolumen
_bnc
_2rdacarrier
490 _aNarrativa
_v1
500 _aIncluye datos biográficos del autor en la solapa de la contracubierta
590 _aInventariado, 2024/BT
700 1 _aLissardi, Ercole,
_eprologuista
_4pr.
_986679
700 1 _aCastro, Amanda,
_ecorrector
_4co.
_986680
910 _aBtavárez
942 _2ddc
_cLBS1
999 _c57803
_d57803